[Event "Nakhchivan 100th Ann Rep op"]
[Site "Nakhchivan"]
[Date "2024.01.12"]
[Round "4"]
[White "Gasimov, Parviz"]
[Black "Mamedjarova, Zeinab"]
[Result "1-0"]
[WhiteElo "2362"]
[BlackElo "2173"]
[PlyCount "109"]
[EventDate "2024.01.10"]
[EventType "swiss"]
[EventRounds "9"]
[EventCountry "AZE"]
[SourceTitle "CB03_2024"]
[SourceDate "2024.01.17"]
[SourceVersion "1"]
[SourceVersionDate "2024.01.17"]
[SourceQuality "1"]

1. e4 e5 2. Bc4 Nf6 3. d3 Nc6 4. Nf3 Bc5 5. 0-0 h6 6. c3 d6 7. a4 a5 8. Na3 0-0 9. Nc2 Be6 10. Bxe6 fxe6 11. Be3 Bxe3 12. Nxe3 Qd7 13. Nc4 Ne7 14. Re1 Ng6 15. d4 Qc6 16. Ncd2 Kh8 17. Qb3 b6 18. dxe5 dxe5 19. Nc4 Nd7 20. Qb5 Qxb5 21. axb5 Kh7 22. Rad1 Rad8 23. b4 axb4 24. cxb4 Nf6 25. Rc1 Rd3 26. Ncxe5 Nxe5 27. Nxe5 Rd4 28. Rc4 Rd2 29. Rxc7 Rb2 30. f3 Rd8 31. Nc4 Rxb4 32. Rc6 Rxb5 33. Rxb6 Rxb6 34. Nxb6 Rd4 35. Rc1 Nh5 36. Rc2 Nf4 37. Nc4 Kg6 38. Kf2 Rd1 39. g3 Nh3+ 40. Kg2 Ng5 41. Ne5+ Kf6 42. Ng4+ Kg6 43. Ne5+ Kf6 44. Ng4+ Kg6 45. h4 Nf7 46. Rc6 Rd2+ 47. Kh3 Nd8 48. Rc7 h5 49. Ne5+ Kh7 50. Re7 Rd4 51. Re8 Rd6 52. f4 Nb7 53. Nf7 Rb6 54. Rh8+ Kg6 55. Ne5+ 1-0

[Event "Baku NCC 2nd"]
[Site "Baku"]
[Date "2022.12.14"]
[Round "7.5"]
[White "Gasimov, Parviz"]
[Black "Alumert, Orkun Efe"]
[Result "0-1"]
[WhiteElo "2303"]
[BlackElo "2378"]
[PlyCount "72"]
[EventDate "2022.12.11"]
[EventType "team-schev"]
[EventRounds "10"]
[EventCountry "AZE"]
[SourceTitle "CBM 211 Extra"]
[Source "ChessBase"]
[SourceDate "2023.01.31"]
[SourceVersion "1"]
[SourceVersionDate "2023.01.31"]
[SourceQuality "1"]
[WhiteTeam "Team A"]
[BlackTeam "Team B"]
[WhiteTeamCountry "AZE"]
[BlackTeamCountry "AZE"]

1. e4 e6 2. d4 d5 3. Nc3 Nf6 4. Bg5 dxe4 5. Nxe4 Be7 6. Bxf6 gxf6 7. Nf3 f5 8. Ng3 c5 9. Bb5+ Bd7 10. Bxd7+ Qxd7 11. 0-0 cxd4 12. Nxd4 Nc6 13. Nxc6 Qxd1 14. Raxd1 bxc6 15. Rfe1 Rd8 16. Kf1 Bf6 17. b3 h5 18. Rxd8+ Kxd8 19. Rd1+ Kc7 20. Rd3 h4 21. Ne2 c5 22. c4 Kc6 23. Nf4 Be5 24. Rf3 a5 25. Nd3 Bd4 26. Rh3 a4 27. g3 axb3 28. axb3 Ra8 29. gxh4 e5 30. h5 e4 31. Nf4 Ra1+ 32. Ke2 Ra2+ 33. Kd1 Rxf2 34. Ne2 f4 35. Nxd4+ cxd4 36. h6 e3 0-1

[Event "Baku NCC 2nd"]
[Site "Baku"]
[Date "2022.12.12"]
[Round "3.5"]
[White "Gasimov, Parviz"]
[Black "Seyid, Huseyn"]
[Result "0-1"]
[WhiteElo "2303"]
[BlackElo "2318"]
[PlyCount "84"]
[EventDate "2022.12.11"]
[EventType "team-schev"]
[EventRounds "10"]
[EventCountry "AZE"]
[SourceTitle "CBM 211 Extra"]
[Source "ChessBase"]
[SourceDate "2023.01.31"]
[SourceVersion "1"]
[SourceVersionDate "2023.01.31"]
[SourceQuality "1"]
[WhiteTeam "Team A"]
[BlackTeam "Team B"]
[WhiteTeamCountry "AZE"]
[BlackTeamCountry "AZE"]

1. c4 c5 2. g3 Nc6 3. Bg2 g6 4. Nc3 Bg7 5. Nf3 e5 6. d3 Nge7 7. 0-0 d6 8. a3 a5 9. Rb1 0-0 10. Ne1 Be6 11. Nc2 d5 12. cxd5 Nxd5 13. Ne4 b6 14. Bd2 a4 15. Ng5 Bc8 16. Ne3 Nde7 17. b4 axb3 18. Rxb3 f5 19. Nc4 Ra6 20. Bc3 h6 21. Nf3 Be6 22. Qa1 Qc7 23. Rfb1 Rb8 24. Qb2 Bxc4 25. dxc4 Nd4 26. Nxd4 cxd4 27. Bb4 e4 28. Qc2 Nc6 29. c5 b5 30. Qa2 Kh7 31. Qc2 Rd8 32. Qd2 Ne5 33. Qf4 Qf7 34. h4 h5 35. Bh3 Qe6 36. Qg5 Bf6 37. Qd2 Nc4 38. Qc2 Qd5 39. f3 d3 40. exd3 exd3 41. Qd1 Re6 42. c6 d2 0-1

[Event "Nakhchivan Sunday GM 06"]
[Site "Nakhchivan"]
[Date "2022.06.15"]
[Round "7"]
[White "Gasimov, Parviz"]
[Black "Ismayilov, Orkhan Elburus"]
[Result "1-0"]
[WhiteElo "2325"]
[BlackElo "2179"]
[PlyCount "72"]
[EventDate "2022.06.12"]
[EventType "schev"]
[EventRounds "10"]
[EventCountry "AZE"]
[SourceTitle "CBM 209 Extra"]
[Source "ChessBase"]
[SourceDate "2022.09.30"]
[SourceVersion "1"]
[SourceVersionDate "2022.09.30"]
[SourceQuality "1"]
[WhiteTeam "Team A"]
[BlackTeam "Team B"]
[WhiteTeamCountry "AZE"]
[BlackTeamCountry "AZE"]

1. d4 Nf6 2. c4 g6 3. Nc3 d5 4. cxd5 Nxd5 5. e4 Nxc3 6. bxc3 Bg7 7. Bc4 c5 8. Ne2 Nc6 9. Be3 0-0 10. 0-0 Bd7 11. Rb1 Qc7 12. Bd3 Rad8 13. Qc1 Bc8 14. Rd1 b6 15. h3 Bb7 16. d5 Ne5 17. c4 e6 18. Bh6 Bxh6 19. Qxh6 Ba6 20. Rbc1 exd5 21. exd5 Rfe8 22. Ng3 Nxd3 23. Rxd3 Qe5 24. Qd2 Kg7 25. Ra3 Bc8 26. Rxa7 b5 27. cxb5 Rxd5 28. Qc2 h5 29. b6 h4 30. Nf1 Qg5 31. Qc3+ Kg8 32. Ra8 Rde5 33. Rb8 Bxh3 34. Rxe8+ Rxe8 35. g3 Qd5 36. f3 Re2 1-0

[Event "Nakhchivan Sunday GM 06"]
[Site "Nakhchivan"]
[Date "2022.06.14"]
[Round "6"]
[White "Garayev, Murad"]
[Black "Gasimov, Parviz"]
[Result "1/2-1/2"]
[WhiteElo "2368"]
[BlackElo "2325"]
[PlyCount "29"]
[EventDate "2022.06.12"]
[EventType "schev"]
[EventRounds "10"]
[EventCountry "AZE"]
[SourceTitle "CBM 209 Extra"]
[Source "ChessBase"]
[SourceDate "2022.09.30"]
[SourceVersion "1"]
[SourceVersionDate "2022.09.30"]
[SourceQuality "1"]
[WhiteTeam "Team B"]
[BlackTeam "Team A"]
[WhiteTeamCountry "AZE"]
[BlackTeamCountry "AZE"]

1. e4 e5 2. Nf3 Nc6 3. Bb5 a6 4. Ba4 Nf6 5. 0-0 Be7 6. Re1 b5 7. Bb3 d6 8. d3 Na5 9. Nbd2 0-0 10. Nf1 Nxb3 11. axb3 c5 12. Bd2 Re8 13. h3 Be6 14. Ng5 Bd7 15. Qe2 1/2-1/2

[Event "Nakhchivan Sunday GM 06"]
[Site "Nakhchivan"]
[Date "2022.06.12"]
[Round "1"]
[White "Gasimov, Parviz"]
[Black "Garayev, Murad"]
[Result "1-0"]
[WhiteElo "2325"]
[BlackElo "2368"]
[PlyCount "105"]
[EventDate "2022.06.12"]
[EventType "schev"]
[EventRounds "10"]
[EventCountry "AZE"]
[SourceTitle "CBM 209 Extra"]
[Source "ChessBase"]
[SourceDate "2022.09.30"]
[SourceVersion "1"]
[SourceVersionDate "2022.09.30"]
[SourceQuality "1"]
[WhiteTeam "Team A"]
[BlackTeam "Team B"]
[WhiteTeamCountry "AZE"]
[BlackTeamCountry "AZE"]

1. e4 e6 2. d4 d5 3. Nd2 c5 4. Ngf3 cxd4 5. Nxd4 Nf6 6. exd5 Nxd5 7. N2f3 Bb4+ 8. Bd2 0-0 9. Bxb4 Nxb4 10. c3 N4c6 11. Bc4 Nxd4 12. Nxd4 a6 13. Qh5 Nd7 14. 0-0-0 Qc7 15. Qe2 Nc5 16. Rhe1 b5 17. Bb3 Nxb3+ 18. Nxb3 Bb7 19. Kb1 Bxg2 20. Rg1 Bd5 21. Qe3 f5 22. Nc5 f4 23. Qd4 Rad8 24. Nxa6 Bxa2+ 25. Kc1 Rxd4 26. Nxc7 Rxd1+ 27. Rxd1 Bc4 28. Kc2 e5 29. b3 Be2 30. Rd7 e4 31. Ne6 e3 32. fxe3 f3 33. Rxg7+ Kh8 34. Nxf8 Kxg7 35. Ne6+ Kf6 36. Nc5 Kf5 37. Kd2 Kg4 38. Ke1 Kh3 39. Kf2 Bd1 40. b4 Kg4 41. Ne4 Bc2 42. Nf6+ Kf5 43. Nxh7 Ke4 44. Nf6+ Kd3 45. Nd5 Kc4 46. Nc7 Bd3 47. Kxf3 Kxc3 48. Nd5+ Kc4 49. e4 Kd4 50. Nf6 Kc4 51. h4 Kxb4 52. h5 Kc4 53. h6 1-0

[Event "Nakhchivan Sunday GM 05"]
[Site "Nakhchivan"]
[Date "2022.05.19"]
[Round "8"]
[White "Gasimov, Parviz"]
[Black "Mousavi, Seyed Khalil"]
[Result "0-1"]
[WhiteElo "2331"]
[BlackElo "2524"]
[PlyCount "72"]
[EventDate "2022.05.15"]
[EventType "team-schev"]
[EventRounds "9"]
[EventCountry "AZE"]
[SourceTitle "CBM 208 Extra"]
[Source "ChessBase"]
[SourceDate "2022.07.31"]
[SourceVersion "1"]
[SourceVersionDate "2022.07.31"]
[SourceQuality "1"]
[WhiteTeam "Team D"]
[BlackTeam "Team C"]
[WhiteTeamCountry "AZE"]
[BlackTeamCountry "AZE"]

1. e4 e5 2. Bc4 Nc6 3. Nf3 Nf6 4. d3 Bc5 5. c3 d6 6. a4 a5 7. 0-0 0-0 8. Bg5 h6 9. Bh4 g5 10. Bg3 Bg4 11. Nbd2 Qb8 12. h3 Bh5 13. Re1 Bg6 14. Nf1 Qa7 15. Ne3 Nh5 16. Bh2 Kh7 17. h4 Bxe3 18. Rxe3 g4 19. Nd2 f5 20. exf5 Bxf5 21. Bd5 Ne7 22. Be4 Bxe4 23. Nxe4 Rg8 24. d4 Nf5 25. Re1 exd4 26. cxd4 Raf8 27. Rc1 Rg7 28. Kh1 Qxd4 29. Qb3 Re7 30. Rcd1 Rxe4 31. Rxd4 Rxe1+ 32. Bg1 Nxd4 33. Qd3+ Nf5 34. Qd2 Nfg3+ 35. fxg3 Nxg3+ 36. Kh2 Nf1+ 0-1

[Event "Nakhchivan Sunday IM 04 2nd"]
[Site "Nakhchivan"]
[Date "2022.04.11"]
[Round "2"]
[White "Babayev, Talib"]
[Black "Gasimov, Parviz"]
[Result "1-0"]
[WhiteElo "2229"]
[BlackElo "2358"]
[PlyCount "101"]
[EventDate "2022.04.10"]
[EventType "tourn"]
[EventRounds "9"]
[EventCountry "AZE"]
[EventCategory "1"]
[SourceTitle "CBM 207 Extra"]
[Source "ChessBase"]
[SourceDate "2022.05.31"]
[SourceVersion "1"]
[SourceVersionDate "2022.05.31"]
[SourceQuality "1"]

1. c4 e6 2. Nf3 Nf6 3. g3 d5 4. b3 Be7 5. Bb2 0-0 6. Bg2 c5 7. 0-0 Nc6 8. e3 b6 9. Nc3 Bb7 10. cxd5 exd5 11. d4 Ba6 12. Re1 Bd6 13. a3 Bc7 14. dxc5 bxc5 15. b4 cxb4 16. axb4 Bc4 17. Qa4 Nxb4 18. Ba3 a5 19. Nd4 Bd6 20. Red1 Qb6 21. Nf5 Bc5 22. Bxb4 Qxb4 23. Nxd5 Bxd5 24. Bxd5 Nxd5 25. Rxd5 Rad8 26. Qxb4 Bxb4 27. Rxd8 Rxd8 28. Kf1 Rd5 29. Nd4 g6 30. Nc6 Bc3 31. Rc1 Bf6 32. e4 Rb5 33. f4 Bb2 34. Rc4 f6 35. Ke2 Kf7 36. Kd3 Ba3 37. Ra4 Bb4 38. Nxb4 axb4 39. Kc4 Rh5 40. h4 f5 41. e5 g5 42. Ra7+ Ke8 43. hxg5 Rh3 44. Kxb4 Rxg3 45. Rxh7 Rg4 46. Kc5 Rxf4 47. Kd6 Kf8 48. e6 Re4 49. Rf7+ Kg8 50. Rxf5 Kg7 51. e7 1-0

[Event "Nakhchivan Sunday IM 3rd"]
[Site "Nakhchivan"]
[Date "2022.03.23"]
[Round "5"]
[White "Gasimov, Parviz"]
[Black "Abdullayev, Azer"]
[Result "1-0"]
[WhiteElo "2377"]
[BlackElo "2018"]
[PlyCount "113"]
[EventDate "2022.03.20"]
[EventType "tourn"]
[EventRounds "9"]
[EventCountry "AZE"]
[EventCategory "1"]
[SourceTitle "CBM 207 Extra"]
[Source "ChessBase"]
[SourceDate "2022.05.31"]
[SourceVersion "1"]
[SourceVersionDate "2022.05.31"]
[SourceQuality "1"]

1. e4 e5 2. Nf3 Nc6 3. Bb5 a6 4. Ba4 Nf6 5. d3 d6 6. c3 g6 7. 0-0 Bg7 8. Re1 0-0 9. Nbd2 b5 10. Bc2 a5 11. d4 exd4 12. cxd4 Nh5 13. d5 Nb4 14. Bb1 Re8 15. a3 Na6 16. Nb3 Bg4 17. Nxa5 Qf6 18. Nb3 Bxf3 19. Qxf3 Qxf3 20. gxf3 Be5 21. Bd3 Reb8 22. Rb1 Nc5 23. Nxc5 dxc5 24. b3 f6 25. Bf1 Bd6 26. Re2 c4 27. bxc4 bxc4 28. Rxb8+ Rxb8 29. Rc2 Rb1 30. Rxc4 Bf4 31. Be3 Bd6 32. Rc1 Rb3 33. a4 Ra3 34. Bb5 Nf4 35. h4 Ra2 36. Bc5 Be5 37. d6 cxd6 38. Bb6 Ne2+ 39. Bxe2 Rxe2 40. a5 Ra2 41. Rc7 Ra4 42. h5 gxh5 43. Kg2 f5 44. exf5 d5 45. Rd7 d4 46. Bd8 Kf8 47. f6 d3 48. Rxd3 Bxf6 49. Bxf6 Rxa5 50. f4 Kf7 51. Be5 Kg6 52. Rd7 Ra3 53. Rg7+ Kh6 54. Rg5 Ra7 55. Rf5 h4 56. Kh3 Ra1 57. Bxa1 1-0

[Event "Nakhchivan Sunday IM 3rd"]
[Site "Nakhchivan"]
[Date "2022.03.21"]
[Round "2"]
[White "Asgari, Morteza"]
[Black "Gasimov, Parviz"]
[Result "1-0"]
[WhiteElo "2183"]
[BlackElo "2377"]
[PlyCount "105"]
[EventDate "2022.03.20"]
[EventType "tourn"]
[EventRounds "9"]
[EventCountry "AZE"]
[EventCategory "1"]
[SourceTitle "CBM 207 Extra"]
[Source "ChessBase"]
[SourceDate "2022.05.31"]
[SourceVersion "1"]
[SourceVersionDate "2022.05.31"]
[SourceQuality "1"]

1. e4 e6 2. d4 d5 3. Nc3 Nf6 4. Bg5 dxe4 5. Nxe4 Be7 6. Bxf6 gxf6 7. Nc3 f5 8. g3 Bf6 9. Nge2 Nc6 10. d5 Nb4 11. Bg2 c6 12. dxc6 Qxd1+ 13. Rxd1 bxc6 14. a3 Nd5 15. Na4 Rb8 16. Nd4 Bb7 17. 0-0 Ba8 18. b3 0-0 19. Rd3 Rfd8 20. Rfd1 a5 21. c4 Ne7 22. Nc5 Ng6 23. Nxc6 Rxd3 24. Rxd3 Bxc6 25. Bxc6 Rc8 26. Nd7 Be7 27. Ba4 Bxa3 28. Rc3 Nf8 29. Ne5 Bb2 30. Re3 Bd4 31. Re2 Rc5 32. Nc6 e5 33. Bb5 Ne6 34. Nxa5 Bc3 35. Nc6 Nd4 36. Nxd4 exd4 37. Re8+ Kg7 38. Rd8 Kf6 39. Kg2 Ke7 40. Rd5 Rxd5 41. cxd5 Kd6 42. Bd3 Kxd5 43. Bxf5 h6 44. Kf3 Ke5 45. Bd3 f5 46. Ke2 h5 47. f4+ Kf6 48. Kf3 Be1 49. Kg2 Bb4 50. Kf3 Bd6 51. Bb5 Kg6 52. Ke2 Bc5 53. Kf3 1-0

[Event "AZE-ch Prelim 76th"]
[Site "Nakhchivan"]
[Date "2022.02.13"]
[Round "9"]
[White "Gasimov, Parviz"]
[Black "Bayramov, Zaur"]
[Result "1/2-1/2"]
[WhiteElo "2359"]
[BlackElo "2357"]
[PlyCount "113"]
[EventDate "2022.02.05"]
[EventType "swiss"]
[EventRounds "9"]
[EventCountry "AZE"]
[SourceTitle "CBM 206 Extra"]
[Source "ChessBase"]
[SourceDate "2022.03.31"]
[SourceVersion "1"]
[SourceVersionDate "2022.03.31"]
[SourceQuality "1"]

1. e4 c5 2. Nf3 d6 3. d4 cxd4 4. Qxd4 a6 5. h3 Nc6 6. Qe3 Nf6 7. c4 g6 8. Be2 Bg7 9. 0-0 0-0 10. Nc3 Rb8 11. Rd1 Qc7 12. Bd2 Nd7 13. Nd5 Qd8 14. Bc3 Bxc3 15. Nxc3 b6 16. Nd5 f6 17. Nd4 Nxd4 18. Qxd4 Bb7 19. b4 a5 20. a3 axb4 21. axb4 Ra8 22. Rxa8 Bxa8 23. Bg4 Ne5 24. Be6+ Kg7 25. f4 Nc6 26. Qe3 Qb8 27. Nxb6 Qa7 28. b5 Na5 29. c5 dxc5 30. Nd7 Rd8 31. Ra1 Qc7 32. b6 Qd6 33. f5 Rxd7 34. Bxd7 Nc4 35. Qe1 Nxb6 36. Rd1 Qe5 37. Be6 g5 38. Rd8 Bxe4 39. Qe2 Qa1+ 40. Rd1 Qe5 41. Re1 Qd4+ 42. Kh1 Bd3 43. Qh5 Qf2 44. Rg1 Be4 45. Qe8 Bxg2+ 46. Rxg2 Qe1+ 47. Kh2 Qe5+ 48. Rg3 Qe2+ 49. Kh1 Qf1+ 50. Kh2 Qe2+ 51. Rg2 Qe5+ 52. Kh1 Qe1+ 53. Rg1 Qe4+ 54. Kh2 Qe2+ 55. Kg3 Qe3+ 56. Kh2 Qe2+ 57. Rg2 1/2-1/2

[Event "AZE-ch Prelim 76th"]
[Site "Nakhchivan"]
[Date "2022.02.08"]
[Round "4"]
[White "Abbasov, Farid"]
[Black "Gasimov, Parviz"]
[Result "0-1"]
[WhiteElo "2527"]
[BlackElo "2359"]
[PlyCount "119"]
[EventDate "2022.02.05"]
[EventType "swiss"]
[EventRounds "9"]
[EventCountry "AZE"]
[SourceTitle "CBM 206 Extra"]
[Source "ChessBase"]
[SourceDate "2022.03.31"]
[SourceVersion "1"]
[SourceVersionDate "2022.03.31"]
[SourceQuality "1"]

1. c4 e6 2. Nc3 d5 3. d4 Nf6 4. Nf3 Be7 5. e3 0-0 6. Bd2 c5 7. dxc5 Bxc5 8. Rc1 Nc6 9. cxd5 exd5 10. Nb5 Ne4 11. Bd3 a6 12. Nbd4 Nxd4 13. Nxd4 Qg5 14. Bxe4 dxe4 15. Ne2 Bg4 16. h4 Qe7 17. Qc2 Rac8 18. Nc3 Rfd8 19. h5 b5 20. a3 a5 21. Qxe4 Qd7 22. 0-0 Bxh5 23. Qe5 f5 24. Nb1 Re8 25. Qh2 Be2 26. Rfe1 Bd3 27. Bxa5 Bd6 28. Qh5 Re6 29. Rxc8+ Qxc8 30. Qd1 Qc4 31. Bb4 Bxb4 32. axb4 Qxb4 33. Nc3 Rd6 34. Qa1 h6 35. Rd1 Bc4 36. Rxd6 Qxd6 37. Qc1 Kf7 38. Nb1 Qd3 39. Nd2 Kg6 40. Nf3 Kh7 41. Ne5 Qe4 42. Qc3 Qb1+ 43. Kh2 Qd1 44. f3 Qd5 45. Qd4 Qxd4 46. exd4 g5 47. b4 Bd5 48. f4 Kg7 49. g3 Kf6 50. Kg1 gxf4 51. gxf4 Ke6 52. Kf2 Be4 53. Ke3 h5 54. Ng6 Kd5 55. Ne7+ Ke6 56. Ng6 Kd5 57. Ne7+ Kd6 58. Ng6 Bb1 59. Nh4 Kd5 60. Ng6 0-1

[Event "Nakhchivan Premium 2"]
[Site "Nakhchivan"]
[Date "2022.01.23"]
[Round "9"]
[White "Gasimov, Parviz"]
[Black "Babayev, Talib"]
[Result "1-0"]
[WhiteElo "2359"]
[BlackElo "2258"]
[PlyCount "93"]
[EventDate "2022.01.14"]
[EventType "tourn"]
[EventRounds "11"]
[EventCountry "AZE"]
[SourceTitle "CBM 206 Extra"]
[Source "ChessBase"]
[SourceDate "2022.03.31"]
[SourceVersion "1"]
[SourceVersionDate "2022.03.31"]
[SourceQuality "1"]

1. e4 c6 2. Nc3 d5 3. Nf3 Nf6 4. e5 Ne4 5. d4 Bg4 6. Nxe4 dxe4 7. h3 Bh5 8. g4 Bg6 9. Nh4 e6 10. Nxg6 hxg6 11. c4 Bb4+ 12. Bd2 Bxd2+ 13. Qxd2 c5 14. d5 Nd7 15. 0-0-0 Nxe5 16. Qf4 Qd6 17. Qxe4 0-0-0 18. Re1 Nd7 19. dxe6 Nf6 20. Qe5 Qd2+ 21. Kb1 Nxg4 22. Qxc5+ Kb8 23. Be2 Rc8 24. Qd5 Qxd5 25. cxd5 Nxf2 26. Rhf1 Ne4 27. Rxf7 Rxh3 28. Rd1 Re3 29. Bg4 Nf6 30. d6 Nxg4 31. d7 Rd8 32. e7 Rxe7 33. Rxe7 Nf6 34. Rxg7 b6 35. Rxg6 Rxd7 36. Rxd7 Nxd7 37. Kc2 Kc7 38. Kc3 a6 39. Kd4 Nc5 40. Kd5 Nd3 41. Rg7+ Kd8 42. Kd6 Ke8 43. Kc6 b5 44. Rg2 Nb4+ 45. Kc5 Nxa2 46. Rg1 b4 47. Kc4 1-0

[Event "Nakhchivan Premium 2"]
[Site "Nakhchivan"]
[Date "2022.01.21"]
[Round "7"]
[White "Gasimov, Parviz"]
[Black "Sevdimaliyev, Urfan"]
[Result "1-0"]
[WhiteElo "2359"]
[BlackElo "2353"]
[PlyCount "81"]
[EventDate "2022.01.14"]
[EventType "tourn"]
[EventRounds "11"]
[EventCountry "AZE"]
[SourceTitle "CBM 206 Extra"]
[Source "ChessBase"]
[SourceDate "2022.03.31"]
[SourceVersion "1"]
[SourceVersionDate "2022.03.31"]
[SourceQuality "1"]

1. e4 e5 2. Nf3 Nc6 3. Bb5 a6 4. Ba4 Nf6 5. d3 b5 6. Bb3 Bc5 7. Nc3 d6 8. Nd5 Na5 9. Bg5 c6 10. Bxf6 gxf6 11. Ne3 Nxb3 12. axb3 d5 13. Qe2 d4 14. Nf5 Bb4+ 15. Nd2 Bxf5 16. exf5 Qd7 17. 0-0 Bxd2 18. Qxd2 Qxf5 19. f4 0-0 20. fxe5 Qxe5 21. Rf3 Kh8 22. Raf1 Rae8 23. Rxf6 Re6 24. Rxf7 Rxf7 25. Rxf7 Qe1+ 26. Qxe1 Rxe1+ 27. Rf1 Re2 28. Rc1 Kg7 29. h3 a5 30. Kh2 h5 31. Kg3 Kg6 32. Kf3 Re3+ 33. Kf2 Kf5 34. Re1 Rxe1 35. Kxe1 Kf4 36. Kf2 h4 37. Ke2 Kg3 38. Kf1 c5 39. Kg1 a4 40. bxa4 bxa4 41. Kf1 1-0